000 00228 a2200097 4500
001 6669
100 _aMiles, J.W
245 _aPotential theory of unsteady supersonic flow, the
260 _a
_bCambridge
_c
090 _c5522
_d5522
942 _aNUST-CAE
_cM
_c31959
999 _c241742
_d241742